01759nam a22002177a 4500008004100000020001800041040000800059041000800067100003400075245003700109260004200146300002400188520107800212650003501290650003501325650003101360650003401391942000801425952009301433999001501526250616b |||||||| |||| 00| 0 eng d a9781472295347 ctbs aeng aElston, Ashley925448eauthor aFirst lie winsc/ Ashley Elston. aLondon :bHeadline Publishing,c2024. a386 pages ;c20 cm. aEvie Porter has everything a nice, Southern girl could want: a perfect, doting boyfriend, a house with a white picket fence and a garden, a fancy group of friends. The only catch: Evie Porter doesn't exist. The identity comes first: Evie Porter. Once she's given a name and location by her mysterious boss Mr. Smith, she learns everything there is to know about the town and the people in it. Then the mark: Ryan Sumner. The last piece of the puzzle is the job. Evie isn't privy to Mr. Smith's real identity, but she knows this job will be different. Ryan has gotten under her skin, and she's starting to envision a different sort of life for herself. But Evie can't make any mistakes--especially after what happened last time. Because the one thing she's worked her entire life to keep clean, the one identity she could always go back to-her real identity-just walked right into this town. Evie Porter must stay one step ahead of her past while making sure there's still a future in front of her. The stakes couldn't be higher--but then, Evie has always liked a challenge. 0aMan-woman relationships911137 0aImpostors and imposture925449 0aLookalikesvFiction925450 0aCriminal investigation922949 2lcc 00102lcc4070aTBSbTBSd2025-06-16l0oP-EN ELSpB05852r2025-06-16t1w2025-06-16y1 c4742d4742